000 00490nam a2200205Ia 4500
005 20250701164524.0
008 008 250505s9999 xx 000 0 eng d
020 _a9781628970654
037 _aTextual
040 _aEASL
_beng
_cEASL
041 _aeng
_2eng
084 _qEASL
100 _aHailji
_9815112
245 0 _aRepublic of Uzupis
260 _aUSA
_bDalkey Archive Press
_c2009
300 _a149p.
650 _aKEL
942 _cTEXL
999 _c1433364
_d1433364